Teatro completo / (Record no. 106287)

MARC details
000 -LEADER
campo de control de longitud fija 01466nam a22002891 4500
001 - NÚMERO DE CONTROL
campo de control 106287
003 - IDENTIFICADOR DE NÚMERO DE CONTROL
campo de control ES-MaACL
005 - FECHA Y HORA DE LA ÚLTIMA TRANSACCIÓN
campo de control 20260214172104.0
007 - CAMPO FIJO DE DESCRIPCIÓN FÍSICA--INFORMACIÓN GENERAL
campo de control de longitud fija t|
008 - DATOS DE LONGITUD FIJA--INFORMACIÓN GENERAL
campo de control de longitud fija 061020s1962 sp |||| | spa d
080 ## - NÚMERO DE LA CLASIFICACIÓN DECIMAL UNIVERSAL
Número de la Clasificación Decimal Universal 82-221"19"
100 1# - ENTRADA PRINCIPAL--NOMBRE DE PERSONA
Nombre de persona Priestley, J. B.
9 (RLIN) 93870
245 10 - MENCIÓN DEL TÍTULO
Título Teatro completo /
Mención de responsabilidad, etc. J.B. Preistley ; prólogo de F.M. Lorda Alaiz ; traducción del inglés por Aurora Bernárdez, Rosa Chacel, Vera Macarow, Juan García-Puente.
260 ## - PUBLICACIÓN, DISTRIBUCIÓN, ETC.
Lugar de publicación, distribución, etc. Madrid :
Nombre del editor, distribuidor, etc. Aguilar,
Fecha de publicación, distribución, etc. 1962.
300 ## - DESCRIPCIÓN FÍSICA
Extensión 1 v. ;
Dimensiones 18 cm.
490 1# - MENCIÓN DE SERIE
Mención de serie Biblioteca de autores modernos
505 8# - NOTA DE CONTENIDO CON FORMATO
Nota de contenido con formato Contiene: Esquina peligrosa -- Edén término -- El tiempo y los Conway -- Yo estuve aquí una vez -- Allende el Jordan -- Música en la noche -- El árbol de los Linden -- El retamal -- Abejas a bordo -- Cuando estamos casados -- Buenas noches niños -- El vellocino de oro -- ¿Cómo están en casa? -- Desde los tiempos del paraíso -- Cornelius -- Viaje por mar -- Llegaron a una ciudad -- Carretera del desierto -- Ha llegado un inspector -- Mañana tendremos hogar -- Sueño de un día de verano
700 1# - ENTRADA AGREGADA--NOMBRE PERSONAL
Nombre de persona Bernárdez, Aurora.
9 (RLIN) 28270
700 1# - ENTRADA AGREGADA--NOMBRE PERSONAL
Nombre de persona Lorda Alaiz, F. M.,
Fechas asociadas al nombre 1918-1992
9 (RLIN) 74084
700 1# - ENTRADA AGREGADA--NOMBRE PERSONAL
Nombre de persona Chacel, Rosa,
Fechas asociadas al nombre 1898-1994
9 (RLIN) 37750
700 1# - ENTRADA AGREGADA--NOMBRE PERSONAL
Nombre de persona Macarow, Vera.
9 (RLIN) 75056
700 1# - ENTRADA AGREGADA--NOMBRE PERSONAL
Nombre de persona García-Puente, Juan.
9 (RLIN) 55139
830 0# - PUNTO DE ACCESO ADICIONAL DE SERIE-TÍTULO UNIFORME
Título uniforme Biblioteca de autores modernos
9 (RLIN) 180767
852 ## - LOCALIZACIÓN
Ubicación ES-MaACL
Número de control de estantería C-23419
Holdings
Estatus retirado Estado de pérdida Estado de daño No para préstamo Biblioteca de origen Biblioteca actual Ubicación en estantería Fecha de adquisición Fuente de adquisición Total de préstamos Signatura topográfica completa Código de barras Visto por última vez Precio de reemplazo Tipo de ítem Koha
        Biblioteca del Ateneo de Madrid Biblioteca del Ateneo de Madrid Depósito 2 17/01/2008     C-23419 1110956 23/02/2023 23/02/2023 Libro impreso